| 000 | 00343nam a22001337a 4500 | ||
|---|---|---|---|
| 020 | _a0-8247-7393-4 | ||
| 082 | _a629.246 ORT'C | ||
| 100 |
_aORTHWEIN, WILLIAM C _966110 |
||
| 245 | _aCLUTCHES AND BRAKES , DESIGN AND SELECTION | ||
| 260 |
_aNEWYORK _bMARCEL DEKKER _c1986 |
||
| 300 | _a358P | ||
| 650 |
_aCLUTCHES BRAKES _966111 |
||
| 942 | _cBK | ||
| 999 |
_c574138 _d574138 |
||